000 00638nam a22002177a 4500
005 20250904143713.0
008 250904b |||||||| |||| 00| 0 eng d
037 _cTB
040 _aCRL
_cCRL
041 _2SIN
_aSIN
084 _aO1593,1N52x R2
_bCRL
100 _aKhatri, Okesh
_9820078
245 _aNao qadam
260 _aAhmedabad, India:
_bScan computers,
_c2022.
300 _a48+48p.
365 _b275.00
_cINR
650 _aSindhi Literature
650 _aSindhi Poetry
_9577661
942 _2CC
_cTB
_hO1593,1N52x R2
_n0
999 _c1435175
_d1435175